| 000 | 00633nam a2200205Ia 4500 | ||
|---|---|---|---|
| 008 | 140110s9999 xx 000 0 und d | ||
| 020 |
_a9780141001432 _cRs.550.00 |
||
| 040 | _aLoreto College | ||
| 041 | _aEnglish | ||
| 082 |
_a954.02/ERA _bLCLIB/49176 |
||
| 100 | _aEraly,Abraham | ||
| 245 |
_aEmperors of the peacock throne _bThe saga of the great mughals _cAbraham Eraly |
||
| 260 |
_aNew Delhi _bPenguin Books _c2000 |
||
| 300 |
_axviii,555p _c22cm |
||
| 504 | _aIncludes bibliographical references and index | ||
| 650 | _aMughals-History | ||
| 651 | _aIndia-History-Medieval | ||
| 850 | _aLCLIB/954.02/ERA | ||
| 942 | _cBK | ||
| 999 |
_c37857 _d88336 |
||